000 00549cam a22002051 4500
001 ne 64002219
003 DLC
005 20260227111804.0
008 890620s1963 xx ac 000 0barar
010 _ane 64002219
035 _a(OCoLC)23488675
040 _aDLC
_cMiU
_dDLC
042 _apremarc
050 0 0 _aCT2718.S9
_bH3
100 1 _aḤāfiẓ, Abū al-Ḥajjāj.
245 1 3 _aal-Baṭal Ḥasan Amīn Surūr.
260 _a[n. p.]
_c[1963]
300 _a131 p.
_billus., ports.
_c20 cm.
600 1 0 _aSurūr, Ḥasan Amīn,
_d1930-1956.
999 _c47369
_d47369